Online
Catalog

Newswatch : (Record no. 36062)

MARC details
000 -CABECERA
campo de control de longitud fija 00428nam a2200145 a 4500
001 - NÚMERO DE CONTROL
campo de control 000036571
005 - FECHA Y HORA DE LA ÚLTIMA TRANSACCIÓN
campo de control 20200930075815.0
008 - DATOS DE LONGITUD FIJA--INFORMACIÓN GENERAL
campo de control de longitud fija 120120s1982 xxua 000 0 eng d
040 ## - FUENTE DE LA CATALOGACIÓN
Centro catalogador/agencia de origen DO-SdBNP
Lengua de catalogación spa
Centro/agencia transcriptor BNPHU
082 ## - NÚMERO DE LA CLASIFICACIÓN DECIMAL DEWEY
Número de clasificación xxxx
Número de documento/Ítem W529n
100 1# - ENTRADA PRINCIPAL--NOMBRE DE PERSONA
Nombre de persona Westin, Av,
Fechas asociadas al nombre 1929-
9 (RLIN) 62839
245 10 - MENCIÓN DE TÍTULO
Título Newswatch :
Resto del título How tv decides the news /
Mención de responsabilidad, etc. Av Westin.
260 ## - PUBLICACIÓN, DISTRIBUCIÓN, ETC.
Lugar de publicación, distribución, etc. New York :
Nombre del editor, distribuidor, etc. Simon and Schuster,
Fecha de publicación, distribución, etc. 1982.
300 ## - DESCRIPCIÓN FÍSICA
Extensión 274 p. :
Otras características físicas il. ;
Dimensiones 22 cm.
Holdings
Estado de retiro Estado de pérdida Restricciones de uso No para préstamo Código de colección Localización permanente Ubicación/localización actual Ubicación en estantería Fecha de adquisición Número de inventario Total de préstamos Signatura topográfica completa Código de barras Fecha visto por última vez Precio válido a partir de Tipo de ítem Koha
      Excluido de préstamo Monografías: Libros y Folletos General General En catalogación 20.01.2012 LF1   xxxx W529n 36571-10 25.06.2020 25.06.2020 No se presta

Powered by Koha